[Event "FIDE World Cup"]
[Site "Tromsoe"]
[Date "2013.08.18"]
[Round "3.2"]
[White "Nakamura, Hikaru"]
[Black "Adhiban, Baskaran"]
[Result "1-0"]
[WhiteElo "2772"]
[BlackElo "2567"]
[Annotator "Sumets,A"]
[PlyCount "79"]
[EventDate "2013.08.11"]
[EventType "k.o."]
[EventRounds "7"]
[EventCountry "NOR"]
[SourceTitle "CBM 156"]
[Source "ChessBase"]
[SourceDate "2013.09.17"]
[SourceVersion "1"]
[SourceVersionDate "2013.09.17"]
[SourceQuality "1"]

1. d4 Nf6 2. c4 g6 3. Nc3 Bg7 4. e4 d6 5. Nf3 O-O {GM Adhiban is a brave
player. He lost the first game and he needed to win the second game to keep
fighting in the World Cup. What is the best opening if you want revenge? Of
course the King's Indian.} 6. Be2 e5 7. dxe5 {This is not the most ambitious
option. However if a draw is enough to qualify for the next round, you don't
need to be very ambitious.} dxe5 8. Qxd8 Rxd8 9. Nd5 {Another option is 9.Bg5.}
(9. Bg5 Na6 (9... Nbd7) (9... Re8 10. Nd5 Nxd5 11. cxd5 c6 12. Bc4 b5) 10. Nd5
Rd6 11. Nd2 (11. Nxf6+ Bxf6 12. Bxf6 Rxf6 13. Nxe5 Re6 14. f4 Nc5 15. O-O-O f6
16. Ng4 Nxe4 17. Bf3 Kg7 18. Rd8 h5 19. Ne3 Nd6 20. c5 (20. Re1 Nf7 21. Rxc8
Rxc8 22. Nf5+ $16) 20... Nf7 21. Rd3 Rb8 $11 {Grigoryan,A (2506)-Salem,A (2473)
Moscow 2009 1-0 (56)}) 11... c6 12. Nxf6+ Bxf6 13. Be3 Bd8 14. O-O-O (14. c5
Re6 15. O-O-O Be7 16. Bxa6 bxa6 17. Nc4 $14) 14... Be7 15. Nb3 Rxd1+ 16. Rxd1
c5 17. h3 b6 18. Bg4 f5 19. Bf3 f4 $15 {Mchedlishvili,M (2586)-Jobava,B (2687)
Tbilisi 2009 0-1 (40)}) 9... Nxd5 (9... Rd7 $5 {More than 60 years ago Mikhail
Tal won a beautiful game against Borislav Ivkov. Nowadays this line is not
very popular as well as all lines that start after 7.dxe5.} 10. Nxe5 Nxd5 11.
Nxd7 Nb4 12. Nxb8 Nc2+ 13. Kd1 Nxa1 14. Bf4 Bxb2 {Another option is} (14...
Rxb8 15. Bxc7 Ra8 16. Kc1 Be6) 15. Bxc7 a5 16. Kd2 a4 17. f4 f6 18. g4 a3 19.
f5 Nb3+ 20. Ke3 Nc1 21. Rd1 Nxa2 22. Rd8+ Kg7 23. c5 (23. Rxc8 Nc3 24. Bd6 a2
25. Rc7+ Kg8 26. Rc8+ $11) 23... Ra4 $17 {Naumann,A (2360)-Istratescu,A (2505)
Halle 1995 1/2 (46)}) 10. cxd5 c6 11. Bc4 b5 12. Bb3 Bb7 13. Bg5 Rd7 {Black
could have opted for 13...Rc8. Advancing 14.d6 doesn't look dangerous for
Black.} (13... Rc8 14. Rc1 ({Of course White can't play} 14. dxc6 $2 Nxc6 15.
Bd5 Na5 16. Bxb7 Nxb7 17. Nd2 Rc2 $17 {Korobkov,P-Timoshenko,G (2537) Alushta
2001 0-1 (36)}) (14. d6 $6 c5 15. Rd1 c4 $15) 14... c5 15. O-O Nd7 16. Be3 Bf8
$11 17. Bd1 c4 18. Be2 Bd6 19. Nd2 Rc7 20. b3 f5 21. exf5 $6 (21. f3 f4 22. Bf2
c3 23. Bxb5 cxd2 24. Rxc7 Bxc7 25. d6 (25. Bxd7 $2 Ba6 26. Rd1 Ba5) 25... Bxd6
26. Bxd7 Ba6 27. Rd1 Bb4 28. Be6+ Kg7 29. Bc4 Bxc4 30. bxc4 Rc8 31. c5 $11)
21... gxf5 22. f4 Re8 23. fxe5 $2 Rxe5 24. Kf2 c3 $17 {Bluvshtein,M (2354)
-Kotronias,V (2568) Gausdal 2002 0-1 (36)}) 14. Rc1 (14. dxc6 $6 Nxc6 15. Bd5
Nb4 16. Bxb7 Nc2+ (16... Rxb7 $5 17. Ke2 f5) 17. Ke2 Rxb7 18. Rac1 Rc8 19. Rhd1
f6 20. Bd2 Rbc7 21. Bc3 Nb4 22. Ra1 Bf8 $11 {Papaioannou,I (2470)-Cela,A (2450)
Athens 1997 0-1 (56)}) 14... a5 15. Ke2 h6 {I don't think that it is the best
option.} ({A more reliable way was} 15... a4 16. dxc6 Nxc6 17. Bd5 Nd4+ 18.
Nxd4 exd4 19. Rc5 h6 20. Bf4 d3+ 21. Kxd3 Rad8 22. Kc2 Bxd5 23. exd5 Rxd5 $11)
16. Be3 a4 $8 17. dxc6 $8 Nxc6 18. Bd5 Nd4+ 19. Bxd4 Bxd5 20. exd5 exd4 21. Rc5
Rb8 22. Kd3 Rdd8 {Probably 22...Bf8 gave Black better practical chances than
he had in the game} (22... Bf8 $5 23. Ne5 (23. Rhc1 Bxc5 24. Rxc5 Re7 25. Nxd4
Re1 26. d6 Rd8 27. Nxb5 Rd1+) 23... Rdd8 24. Kxd4 (24. Rhc1 {transposition})
24... Bxc5+ 25. Kxc5 Re8 26. Nc6 Rb7 27. Rd1 Re2 28. Nb4 Rxb2 29. d6 Rd7 30. a3
Kf8 31. Nc6) 23. Rhc1 Bf8 24. Ne5 Bxc5 25. Rxc5 $44 {Black has an extra
exchange but his chances to win the game are very small.} Rd6 26. Kxd4 Kf8 27.
f4 Ke8 28. h4 Kf8 {Adhiban offered a draw but Nakamura can continue the game
without any risk.} 29. g4 Ke8 $6 (29... b4 $5 30. g5 h5 31. Rc7 Rbd8 32. Rxf7+
Kg8 33. Ra7 Rxd5+ 34. Ke3 R5d6 35. Rxa4 $14) 30. g5 h5 31. Ke4 $16 {Black
hasn't any active moves.} f6 (31... b4 32. Nc6 Rc8 33. Rb5 a3 34. Rxb4 axb2 35.
Rxb2 $16) 32. Rc6 f5+ (32... Rxc6 {It is not easy to suggest a good move for
Black.} 33. Nxc6 Ra8 34. gxf6 Kf7 35. Ke5 Rc8 36. f5 $18) (32... a3 33. bxa3 (
33. Rxd6 $4 axb2 $19) 33... f5+ 34. Kd4 Rbd8 35. Rxd6 Rxd6 36. Nc6 $18) 33. Kd4
Rbd8 34. Rxd6 $1 Rxd6 35. Kc5 Ke7 36. a3 $18 Ra6 37. Nc6+ Ke8 38. Kd6 Kf7 39.
Kc7 Ra8 40. d6 1-0

[Event "London Classic KO 5th"]
[Site "London"]
[Date "2013.12.15"]
[Round "3.1"]
[White "Nakamura, Hikaru"]
[Black "Gelfand, Boris"]
[Result "1-0"]
[WhiteElo "2786"]
[BlackElo "2777"]
[Annotator "CB"]
[PlyCount "71"]
[EventDate "2013.12.14"]
[EventType "k.o. (rapid)"]
[EventRounds "3"]
[EventCountry "ENG"]
[SourceTitle "CBM 158"]
[Source "ChessBase"]
[SourceDate "2014.01.16"]
[SourceVersion "1"]
[SourceVersionDate "2014.01.16"]
[SourceQuality "1"]

1. d4 Nf6 2. c4 g6 3. Nc3 d5 4. Nf3 Bg7 5. Qb3 dxc4 6. Qxc4 O-O 7. e4 a6 ({
Kasparov bevorzugte} 7... Na6 8. Be2 c5 9. d5 e6 {Gelfand hat das auch schon
gespielt, z.B.:} 10. Bg5 exd5 11. Nxd5 Be6 12. Rd1 Qa5+ 13. Rd2 Bxd5 14. exd5
Rfe8 15. Bxf6 Bxf6 16. O-O Rad8 17. d6 Nb4 18. Qf4 Kg7 19. h4 h5 20. Bc4 Nc6
21. Bxf7 Rf8 22. Bxg6 Be5 23. Qg5 Bf4 24. Qxh5 Bxd2 25. Qh7+ Kf6 26. Bh5 Ke6
27. Qg6+ Kd5 28. Nxd2 Qxd2 29. Rd1 Qd4 30. Rxd4+ cxd4 31. b4 Rxd6 32. Qg7 Rdf6
33. Qxb7 Kc4 34. b5 {1-0 (34) Morozevich,A (2736)-Gelfand,B (2773) Beijing 2013
}) 8. e5 b5 9. Qb3 Nfd7 10. Ng5 (10. e6 fxe6 11. Be3 Nf6 12. a4 b4 13. Qxb4 Nc6
14. Qa3 Qd6 15. Be2 Nb4 16. Rc1 Bb7 17. h3 Bxf3 18. gxf3 Nbd5 19. a5 Rfb8 20.
Bd2 Qxa3 21. bxa3 Nxc3 22. Rxc3 {1/2-1/2 (22) Moiseenko,A (2699)-Gelfand,B 
(2764) Tromso 2013}) 10... Nc6 ({Beliebter ist} 10... Nb6 11. Be3 Nc6 12. Rd1
Bf5 13. Be2 Na5 14. Qb4 Nac4 15. O-O f6 16. Nf3 Nxe3 17. fxe3 fxe5 18. dxe5 Qe8
19. Qc5 Rc8 20. a4 Nxa4 21. Nxa4 bxa4 22. Nd4 Rb8 23. g4 Be4 24. Ne6 Rxf1+ 25.
Bxf1 c6 26. Ng5 Bd5 27. e4 Bb3 28. Bc4+ e6 29. Nxe6 Bxc4 30. Qxc4 Kh8 31. Nxg7
Kxg7 32. e6 Rb7 33. Qc3+ Kg8 34. Rd6 Re7 35. Rxc6 Qf8 36. Rc8 Re8 37. Rxe8 Qxe8
38. Qf6 Qc8 39. Kg2 Qc2+ 40. Kh3 Qc5 41. Kh4 Qb4 42. Qf7+ Kh8 43. e7 Qe1+ 44.
Kg5 Qe3+ 45. Qf4 {1-0 (45) Carlsen,M (2810)-Dominguez Perez,L (2712) Wijk aan
Zee 2010}) 11. Nxf7 {Naheliegend, aber noch nie gespielt. Weiß gewinnt eine
Qualität, Schwarz bekommt allerdings gutes Figurenspiel. Weiß hat zudem
großen Entwicklungsrückstand.} (11. Ne6 Na5 12. Nxd8 Nxb3 13. axb3 Rxd8 14.
Nxb5 c6 15. Nc3 c5 16. Bg5 cxd4 17. Nd5 Bb7 18. Nc7 Rac8 19. Bxe7 Bxe5 20. Bxd8
Rxd8 21. Nxa6 d3 22. Nb4 Nc5 23. Ra5 d2+ 24. Kd1 Ne4 25. Nd3 Bd5 26. Rb5 Bxb2
27. f3 Nc3+ 28. Kxd2 Nxb5 29. Nxb2 Bxb3+ 30. Bd3 Nc7 31. Rc1 Nd5 32. Bf1 Kg7
33. Nd3 h5 {1/2-1/2 (33) Vayser,V (2550)-Glazman,M (2575) ICCF email 2010})
11... Rxf7 12. e6 Nxd4 13. exf7+ Kf8 14. Qd1 Nc5 (14... Ne5 $5 15. Be3 c5 $15)
15. Be3 Bf5 16. Rc1 (16. g4 Nc2+ $17) 16... Qd6 17. b4 (17. g4 Rd8 18. gxf5 Qc6
$15) 17... Ne4 (17... Nce6 $15) (17... Qe6 $5 {mit der Idee} 18. bxc5 Rd8) 18.
Nxe4 Bxe4 19. f3 Bf5 20. Qd2 Rd8 21. Kf2 Kxf7 22. Be2 {Ab hier verliert
Schwarz nach und nach die Kontrolle über die Partie.} Qf6 (22... Bf6 $11) 23.
Rxc7 Ne6 24. Rd7 Rc8 25. Bd3 Rc3 26. Bxf5 gxf5 27. f4 Rc4 28. Rc1 Re4 29. g3 h5
30. h4 Qg6 31. Bc5 Bf6 32. Re1 Qg4 33. Rxe4 fxe4 34. Qd1 Qf5 35. Rd5 Qh3 36.
Qf1 (36. Qf1 Qxf1+ 37. Kxf1 Ng7 38. Rd7 {und Weiß gewinnt die
Damenflügelbauern.} Nf5 39. Kf2 Ke6 40. Ra7) 1-0

[Event "Baku FIDE GP"]
[Site "Baku"]
[Date "2014.10.03"]
[Round "2"]
[White "Andreikin, Dmitry"]
[Black "Nakamura, Hikaru"]
[Result "0-1"]
[WhiteElo "2722"]
[BlackElo "2764"]
[Annotator "Meulders,R"]
[PlyCount "96"]
[EventDate "2014.10.02"]
[EventType "tourn"]
[EventRounds "11"]
[EventCountry "AZE"]
[EventCategory "21"]
[SourceTitle "CBM 163"]
[Source "ChessBase"]
[SourceDate "2014.11.11"]
[SourceVersion "1"]
[SourceVersionDate "2014.11.11"]
[SourceQuality "1"]

1. d4 f5 2. Nf3 Nf6 3. g3 g6 4. Bg2 Bg7 5. O-O O-O 6. c3 {This can also be
played on move 4, with the same idea, to bring the queen to b3 and put
pressure on b7. However, on move 4 there is the threat of Qb3/Bxb7, which is
not possible with Nf3 interposed. The setup with c3 may be solid, but I doubt
whether players of the Dutch should be afraid of it. On b3 the queen is also
exposed and will have to be moved to safety anyway.} d6 7. Qb3+ e6 8. Bg5 {
As White has fianchettoed his other bishop, playing Bg5 means White will have
to exchange it for a black knight or be forced to waste tempi retreating it,
as is illustrated by this game.} (8. Ng5 d5 9. Bf4 Nh5 10. Nh3 Nxf4 11. Nxf4 c6
12. Nd2 Qe7 13. c4 Nd7 14. Nf3 dxc4 (14... g5 $5 15. Nd3 g4 16. Nfe5 Nxe5 17.
Nxe5 a5 $13) 15. Qxc4 Re8 16. Rfe1 (16. Nd3) (16. Rad1) 16... Nf6 17. e3 Bd7
18. Rac1 Rad8 19. Ne5 Bc8 {White has an edge, but the two bishops seem like
ample compensation. Eventually White ends up with an extra pawn in this game,
but this is useless in an endgame with only bishops of opposite colour.} 20. b4
a6 21. a4 Nd7 22. Nxd7 Bxd7 23. Nd3 Kh8 24. Nc5 Bc8 25. b5 axb5 26. axb5 cxb5
27. Qxb5 e5 28. dxe5 Qxe5 29. Bxb7 Be6 30. Bc6 Rf8 31. Nxe6 Qxe6 32. Red1 Qe5
33. Qxe5 Bxe5 34. h4 Bb2 35. Rb1 Rxd1+ 36. Rxd1 Rc8 37. Bf3 Rc1 38. Kg2 Rxd1
39. Bxd1 Kg7 40. g4 fxg4 41. Bxg4 h6 42. f4 g5 43. hxg5 hxg5 {1/2-1/2 (43)
Harikrishna,P (2684)-Nakamura,H (2778) Biel 2012}) 8... Qe8 9. Nbd2 Nh5 10. Ne1
h6 $1 {Ignoring Bxb7, since this doesn't yield White an advantage.} 11. Be3 (
11. Bxb7 Bxb7 12. Qxb7 Nc6 13. Be3 g5 {transposes to a possibility a move
later.}) 11... g5 12. f4 (12. Bxb7 Bxb7 13. Qxb7 Nc6 14. f3 Rb8 15. Qa6 (15.
Qxc7 $4 Rf7 16. Qxd6 Bf8 $19) 15... f4 16. gxf4 gxf4 17. Bf2 Rxb2 18. Nc4 Rb8
19. Nd3 $11) 12... gxf4 13. Bxf4 Kh8 {Intending to make the bishop waste some
more tempi after the advance ...e5} (13... Nxf4 14. Rxf4 Nc6 15. Nd3 Kh8 16. e3
e5 17. Rf2 Rb8 18. Qc4 e4 $11) 14. Be3 $2 {There are two moves that look
better than this voluntary retreat:} (14. Nd3 Nxf4 15. Nxf4 e5 16. dxe5 dxe5
17. Nd3 Nd7 18. e4 $14) ({or the move that looks like it is crying out to be
played} 14. e4 fxe4 15. Nxe4 $11) 14... Nc6 15. Nd3 b6 $1 {Solving the problem
of developing the Bc8.} (15... e5 $5 16. dxe5 Nxe5 17. Bd4 Ng4 $11) 16. g4 $2 (
16. Rae1 Bb7 17. Nf4 Nxf4 18. Bxf4 e5 19. dxe5 dxe5 20. Be3 $11) 16... Nf6 $6 (
{Surely there's nothing wrong with just taking the pawn:} 16... fxg4 $1 17.
Rxf8+ Bxf8 18. Rf1 Bd7 $15) 17. gxf5 exf5 18. Bf2 Be6 19. Qc2 (19. Qa4 Bd5 20.
Nf4 Bxg2 21. Nxg2 a6 $11) (19. c4 $2 Ne4 $1) 19... Bd5 20. Nf3 $2 {This must
be the last chance White had of keeping the balance:} (20. e4 $1 fxe4 21. Nf4
Bg8 22. Nxe4 Nxe4 23. Qxe4 Qxe4 24. Bxe4 Rxf4 25. Bxc6 Raf8 26. Bg3 {and a
draw must be the outcome.}) 20... Be4 {White's hesitant and inconsistent play
has given Black a comfortable position. He is now preparing to take the
initiative.} 21. Qd2 Ne7 (21... Rg8) 22. Bh4 $6 {In a higher sense, it might
be said all this time-wasting with the dark-squared bishop is one of the main
reasons for White's eventual downfall.} Ng6 23. Bxf6 Rxf6 $15 {Black's
position is solid like a rock and he now starts to open the position further,
so that his two bishops will deploy greater activity.} 24. Rf2 c5 25. Raf1 Qe6
26. a3 (26. h4 Qxa2 27. h5 Ne7 28. dxc5 bxc5 $15) 26... Rg8 27. Kh1 Kh7 28. Qe3
Re8 $17 29. Qd2 Rg8 30. Qe3 c4 {Of course Black declines the repetition of
moves after ...Re8.} 31. Nf4 Nxf4 32. Qxf4 Rg6 33. h3 (33. Bh3 Bf6 34. Rg2 Bg5
$19) 33... Bf6 $1 $19 34. Kh2 Be7 35. Bh1 R8g7 {Black is in no hurry. He is
waiting for White to crack under the pressure.} (35... d5 $2 36. Ne5 $17) 36.
Rg2 Bg5 37. Qg3 ({Giving up the exchange offers no relief:} 37. Nxg5+ hxg5 38.
Qf2 Bxg2 39. Bxg2 f4 $19) 37... Bc1 $1 {The contrast between Black's and
White's light-squared bishops could not be greater. This move decides the game.
If White hangs on to his queen, his queenside pawns will be gobbled up. So
White makes a desperate attempt to hang on.} 38. Rxc1 Rxg3 39. Rxg3 Bxf3 40.
Rxg7+ Kxg7 41. Bxf3 Qe3 42. Rg1+ (42. Rd1 Qf2+ 43. Kh1 Kf6 44. Rg1 b5 {
Bringing White into zugzwang} 45. Rd1 (45. d5 Qh4 46. Bg2 Qf4 47. Rd1 Qf2 {
and the black king walks in via the dark squares.}) 45... Kg5 46. Rg1+ Kh4 47.
Rg6 h5 $19) 42... Kf6 43. Bh5 Qd2 44. Rg6+ Ke7 45. Rg7+ Kd8 46. Rg8+ Kc7 47.
Rg7+ Kb8 48. Rg8+ Kb7 0-1

[Event "Baku FIDE GP"]
[Site "Baku"]
[Date "2014.10.10"]
[Round "8"]
[White "Gelfand, Boris"]
[Black "Nakamura, Hikaru"]
[Result "1/2-1/2"]
[WhiteElo "2748"]
[BlackElo "2764"]
[Annotator "Marin,M"]
[PlyCount "61"]
[EventDate "2014.10.02"]
[EventType "tourn"]
[EventRounds "11"]
[EventCountry "AZE"]
[EventCategory "21"]
[SourceTitle "CBM 163"]
[Source "ChessBase"]
[SourceDate "2014.11.11"]
[SourceVersion "1"]
[SourceVersionDate "2014.11.11"]
[SourceQuality "1"]

1. d4 f5 2. g3 Nf6 3. Bg2 g6 4. c4 Bg7 5. Nc3 d6 6. Nf3 O-O 7. O-O c6 8. b3 ({
Gelfand has had some bad experiences with the classical main line:} 8. d5 e5 9.
dxe6 Bxe6 10. b3 Na6 (10... Re8 11. Bb2 Na6 12. Ng5 Qe7 13. Nxe6 Qxe6 14. Qc2
Nc5 15. Rad1 Rad8 16. e3 Nce4 17. Nxe4 fxe4 18. Rd2 d5 19. cxd5 cxd5 $11 {
Gelfand,B (2739)-Nakamura,H (2759) Wijk aan Zee 2012 CBM 147 [Marin,M] (0-1,
37)}) 11. Bb2 Qe7 12. Ng5 Bd7 13. Qd2 h6 14. Nh3 Be6 15. Rad1 Rad8 {Gelfand,B 
(2751)-Kamsky,G (2762) Tashkent 2012 CBM 152 [Ftacnik,L] (0-1, 33). In my
article published with CBM 160, I have advocated 8.b3 as a flexible and
promising way to fight for an opening advantage.}) 8... a5 ({The game that
inspired me most when picking up 8.b3 was} 8... Qc7 9. Ba3 a5 10. Rc1 Na6 11.
Qd2 Bd7 12. Rfe1 Nb4 13. Bb2 e5 14. a3 Na6 15. dxe5 dxe5 16. Nb5 cxb5 17. cxb5
Nc5 18. Bxe5 Qb6 19. Bxf6 Bxf6 20. Qd5+ Ne6 21. Qxd7 Rad8 22. Rc6 $3 Rxd7 23.
Rxb6 $18 {Karpov,A (2750)-Jussupow,A (2610) Linares 1989 CBM 011 [ChessBase] 
(1-0, 42). Quite an impressive display of White's dynamism. In our main game,
Gelfand took the first step along a similar path but then prematurely released
the tension thus limiting his advantage.}) 9. Bb2 Na6 10. Rc1 {In the article,
I manifested a certain sympathy towards this move,} ({but I favoured the rare} 
10. Qd2 Qc7 11. Rad1 e5 12. d5 $1 {Rotstein,J (2376)-Zoller,W (2095) Bad
Bevensen 2002 (1-0, 25)}) 10... Bd7 (10... Qc7 11. Re1 (11. Qd2 e5 12. dxe5
dxe5 13. Nb5 Qe7 14. Nd6 e4 15. Ng5 Rd8 16. Nxc8 Rdxc8 $11 17. Qxa5 $2 Nd7 18.
Bxg7 Nb4 {[%csl Gb6]} 19. Bf6 $8 Nxf6 20. Qb6 Rxa2 $17) 11... e5 12. Nb5 {
This is somewhat similar to Karpov's play. However, in Timman,J (2591)
-Muzychuk,A (2532) Marianske Lazne 2009 (1-0, 85) Black could have avoided
problems with the calm retreat} Qd8 $1 13. dxe5 dxe5 14. Nd6 (14. Ba3 e4 15.
Bxf8 Qxf8 16. Ng5 cxb5 17. cxb5 Nb4 $17) 14... e4 $11) 11. Qd2 (11. d5 Nc5 12.
Ne1 Qb6 13. Nd3 $14 {Portisch,L (2600)-Kovacevic,V (2540) Indonesia 1983 (1-0,
48)}) 11... Rc8 $146 {Preparing an uninspired pawn break.} ({But Black would
be slow with preparing ...e7-e5:} 11... Re8 12. Rfd1 Qc7 13. e4 $1 {Mednis,E 
(2435)-Ftacnik,L (2590) Amsterdam 1988 (1/2-1/2, 47)}) 12. Rfd1 b5 $6 13. cxb5
cxb5 14. Ne5 $1 {Not really a sacrifice, due to the latent pressure along the
d-file.} Be8 (14... dxe5 $2 15. dxe5 Nc5 16. exf6 Bxf6 (16... exf6 17. Qd6 $18)
17. Nd5 Bxb2 18. Qxb2 $18) 15. Nd3 $6 $14 ({With such a fantastic mobilisation
of forces, White should have increased the pressure (rather than releasing it)
with the active} 15. Bb7 $1 dxe5 16. Bxc8 Qxc8 17. dxe5 Ng4 18. Nd5 Qb7 (18...
Qd7 $2 19. h3 Nxe5 20. Qe3 e6 21. Nc7 $18) 19. e6 $16 {/+- The material is
about equal, but White's superior coordination offers him an overwhelming
advantage.}) 15... Nc7 16. Nf4 ({Before moving away with the knight, White
could have induced some favourable structural changes:} 16. b4 $5 a4 (16...
axb4 17. Nxb4 $16 {[%csl Gc6]}) 17. Nf4 Bf7 18. d5 $14 {In the game, the
potential threat ...b5-b4 could have made some difference in at least two
cases.}) 16... Bf7 17. d5 Rb8 18. e4 (18. e3 $14 {[%csl Gc6,Ge6][%cal Gc3e2,
Gh2h4]}) 18... fxe4 $6 {Black is tempted by the d5-pawn, but taking it plays
into White's hands.} (18... b4 $5 19. Nce2 Nxe4 20. Bxe4 Bxb2 21. Qxb2 fxe4 {
looks like a better option.}) 19. Nxe4 Ncxd5 20. Nxd5 Nxd5 21. Bxg7 Kxg7 {
Seven moves after the active 14.Ne5, White keeps his superior mobilisation.
This allowed (and actually required) an attacking policy.} 22. Nxd6 $2 {
But this just leads to a draw.} (22. Qb2+ $5 {would have left Black under
serious pressure despite his extra pawn:} Kg8 (22... Nf6 $2 23. g4 h6 24. h4 g5
(24... Kh7 25. Rxd6 $1 $18 exd6 26. Nxf6+ Kh8 27. Ne8+ Kg8 28. Qg7#) 25. hxg5
hxg5 26. Nxg5 $16) 23. Rd3 {[%cal Gc1d1,Gb2d2]} b4 {[%cal Gb8b5]} 24. Qd2 Rb5 (
24... Nc7 25. Ng5 $36 {[%cal Gh2h4]}) 25. Bf1 {[%cal Gd3d4]} Nc3 26. Nxc3 bxc3
27. Rdxc3 $36) 22... Qxd6 23. Bxd5 Rfd8 $11 {The rest is simple, the game only
continued because of the 30-moves rule.} 24. Qc3+ Qf6 25. Qxf6+ Kxf6 26. Bxf7
Kxf7 27. Rxd8 Rxd8 28. Rc5 Rd2 29. a4 b4 30. Rxa5 Rd3 31. Rb5 1/2-1/2

[Event "Saint Louis m blitz"]
[Site "Saint Louis"]
[Date "2014.11.25"]
[Round "13"]
[White "Nakamura, Hikaru"]
[Black "Aronian, Levon"]
[Result "1/2-1/2"]
[WhiteElo "2767"]
[BlackElo "2797"]
[PlyCount "119"]
[EventDate "2014.11.25"]
[EventType "match (blitz)"]
[EventRounds "16"]
[EventCountry "USA"]
[SourceTitle "CBM 164"]
[Source "ChessBase"]
[SourceDate "2015.01.15"]
[SourceVersion "1"]
[SourceVersionDate "2015.01.15"]
[SourceQuality "1"]

1. d4 Nf6 2. Bg5 e6 3. Nd2 c5 4. e4 cxd4 5. e5 Qa5 6. Ngf3 Ne4 7. Bf4 Nc6 8. a3
Nxd2 9. Bxd2 Qd5 10. c4 Qe4+ 11. Qe2 Qxe2+ 12. Bxe2 d6 13. exd6 Bxd6 14. b4 e5
15. c5 Bc7 16. Bc4 f6 17. O-O Bf5 18. Nh4 Bd7 19. Bd3 O-O 20. b5 Ne7 21. f4 Be6
22. Nf3 Bd5 23. Rfe1 Ng6 24. fxe5 fxe5 25. Ng5 Rae8 26. a4 b6 27. Rac1 Bd8 28.
Be4 Bxe4 29. Nxe4 Be7 30. cxb6 axb6 31. Rc6 Ra8 32. Ra1 Rfb8 33. Kf2 Bf8 34.
Ke2 Ne7 35. Re6 Nd5 36. Rxe5 Rd8 37. Kd3 Nc3 38. a5 bxa5 39. b6 a4 40. Ng5 Rdb8
41. Re6 Nd5 42. Re5 Nxb6 43. Rb5 Nd7 44. Rxb8 Rxb8 45. Ne6 Ra8 46. Nxf8 Nc5+
47. Kc2 Nb3 48. Rxa4 Rxa4 49. Kxb3 Ra6 50. Nd7 Re6 51. Kc4 Re2 52. Bf4 Rxg2 53.
Kxd4 g5 54. Be3 h6 55. Ke4 Rxh2 56. Kf5 Re2 57. Nf6+ Kf7 58. Ng4 h5 59. Ne5+
Ke8 60. Bxg5 1/2-1/2